00265nam a22000977a 4500008004100000020001500041020001500056041000800071080000800079245008000087160526b xxu||||| |||| 00| 0 eng d a0195022149 a0195022157 aeng a615 aPsychoparmacology:cJack D. Barchas, Philip A. Berger, Roland D. Ciaranello